Most Powerful NATO Countries - Statistics

General Stats
  • This quiz has been taken 37 times
  • The average score is 10 of 10
Answer Stats
Power Index NATO Country % Correct
0.1878 France
100%
0.2601 Germany
100%
0.2164 Italy
100%
0.1785 United Kingdom
100%
0.3776 Poland
97%
0.0744 United States
97%
0.5179 Canada
94%
0.3242 Spain
94%
0.4835 Sweden
88%
0.1902 Turkey
82%
No matching quizzes found
Score Distribution
Percent of People with Each Score
Percentile by Number Answered
Your Score History
You have not taken this quiz